Statistics for Countries of the World Quiz

Click here to take the quiz!

General Stats

  • This quiz has been taken 14,255,146 times
    (14,252,258 since last reset)
  • The average score is 108 of 196

Answer Stats

Country % Correct
United States
97%
Russia
96%
Canada
96%
China
95%
Mexico
95%
Brazil
94%
France
94%
United Kingdom
94%
Australia
94%
Italy
94%
Spain
93%
India
92%
Germany
92%
Japan
92%
South Africa
88%
Egypt
88%
Iceland
88%
Ireland
88%
Sweden
87%
Portugal
87%
Argentina
87%
Chile
86%
Norway
85%
North Korea
83%
New Zealand
83%
Greece
83%
Iran
83%
Finland
83%
Turkey
83%
South Korea
83%
Iraq
82%
Poland
81%
Denmark
80%
Cuba
79%
Madagascar
78%
Peru
78%
Netherlands
77%
Switzerland
77%
Pakistan
76%
Mongolia
75%
Saudi Arabia
74%
Belgium
73%
Colombia
73%
Niger
73%
Ukraine
73%
Indonesia
73%
Austria
73%
Thailand
73%
Morocco
72%
Vietnam
72%
Afghanistan
71%
Israel
70%
Democratic Republic
of the Congo
68%
Uruguay
68%
Panama
68%
Republic of the Congo
67%
Bolivia
66%
Paraguay
65%
Philippines
65%
Sudan
65%
Venezuela
65%
Kazakhstan
64%
Hungary
64%
Nigeria
63%
Romania
63%
Libya
63%
Czech Republic
62%
Nepal
62%
Algeria
62%
Haiti
61%
Kenya
61%
Syria
61%
Croatia
61%
Ethiopia
60%
Somalia
60%
United Arab Emirates
59%
Latvia
59%
Slovakia
59%
Malaysia
59%
Yemen
59%
Estonia
59%
Dominica
59%
Ecuador
59%
Lithuania
58%
Jamaica
58%
Sri Lanka
58%
Papua New Guinea
58%
Cambodia
57%
Chad
57%
Laos
57%
Oman
56%
Jordan
55%
Bulgaria
55%
Costa Rica
55%
Luxembourg
54%
Albania
54%
Zimbabwe
54%
Serbia
54%
Belarus
54%
Taiwan
54%
Tunisia
54%
Honduras
53%
Slovenia
53%
Myanmar
52%
Bosnia and
Herzegovina
52%
Bangladesh
52%
Uzbekistan
52%
Guatemala
51%
Ghana
50%
Mali
49%
Georgia
49%
Dominican Republic
49%
Ivory Coast
48%
Bahamas
48%
Cyprus
47%
Vatican City
47%
Nicaragua
47%
Qatar
46%
Belize
46%
South Sudan
46%
Turkmenistan
46%
Tanzania
46%
Angola
46%
Singapore
46%
North Macedonia
45%
Lebanon
45%
Uganda
45%
Fiji
44%
El Salvador
44%
Zambia
44%
Guinea
43%
Namibia
43%
Andorra
43%
Malta
43%
Armenia
43%
Guyana
43%
Azerbaijan
42%
Botswana
42%
Monaco
42%
Kuwait
42%
Rwanda
41%
Bhutan
41%
Liberia
41%
Mozambique
41%
Montenegro
41%
Moldova
41%
Central African Republic
40%
Suriname
40%
Liechtenstein
40%
Cameroon
39%
Togo
39%
Senegal
38%
Kosovo
38%
Tajikistan
37%
Eritrea
37%
Trinidad and Tobago
37%
Lesotho
37%
Eswatini
36%
Barbados
35%
San Marino
35%
Maldives
35%
Kyrgyzstan
35%
Mauritania
34%
Sierra Leone
33%
Malawi
33%
Gambia
32%
Mauritius
32%
Djibouti
32%
Bahrain
32%
Benin
32%
Federated States of
Micronesia
31%
Seychelles
31%
Gabon
30%
Samoa
30%
Burkina Faso
30%
Cape Verde
29%
Equatorial Guinea
29%
Tonga
29%
Brunei
29%
Antigua and Barbuda
28%
Burundi
28%
Saint Kitts and Nevis
28%
Saint Lucia
28%
East Timor
28%
Guinea-Bissau
27%
Solomon Islands
27%
Vanuatu
26%
Marshall Islands
26%
Tuvalu
24%
Kiribati
24%
Saint Vincent and the
Grenadines
24%
Grenada
24%
Palau
24%
Comoros
23%
Nauru
23%
São Tomé and Príncipe
22%

Score Distribution

Percentile by Number Answered

Percent of People with Each Score

Your Score History

You have not taken this quiz since the last reset